It looks like you're offline.
Open Library logo
additional options menu

MARC Record from Library of Congress

Record ID marc_loc_updates/v37.i18.records.utf8:10464524:998
Source Library of Congress
Download Link /show-records/marc_loc_updates/v37.i18.records.utf8:10464524:998?format=raw

LEADER: 00998nam a2200301 a 4500
001 2009290777
003 DLC
005 20090504105227.0
008 090428s2005 nyu 000 1 eng d
010 $a 2009290777
020 $a0525948929
035 $a(OCoLC)ocm60339555
040 $aQS2$cQS2$dLRT$dBTCTA$dBAKER$dMOF$dCUY$dDLC
042 $alccopycat
050 00 $aPS3535.A547$bA94 2005
082 00 $a813/.52$222
100 1 $aRand, Ayn.
245 10 $aAtlas shrugged /$cAyn Rand.
250 $aCentennial ed.
260 $aNew York :$bDutton,$c2005.
300 $axv, 1168 p. ;$c24 cm.
650 0 $aEgoism$vFiction.
650 0 $aCapitalism$vFiction.
650 0 $aObjectivism (Philosophy)$vFiction.
655 7 $aAdventure fiction.$2gsafd
655 7 $aScience fiction.$2gsafd
856 42 $3Contributor biographical information$uhttp://www.loc.gov/catdir/enhancements/fy0909/2009290777-b.html
856 42 $3Publisher description$uhttp://www.loc.gov/catdir/enhancements/fy0909/2009290777-d.html